000
00210nam a22000857a 4500
008
161206b xxu||||| |||| 00| 0 eng d
100
_9
1876
_a
Siromani. A
245
_a
Science ahead
260
_a
New delhi
_b
Orient
_c
2007
999
_c
4626
_d
4626